Ecosystems and human well being : (Record no. 7446)
[ view plain ]
| 000 -LEADER | |
|---|---|
| fixed length control field | 00426nam a22001337a 4500 |
| 020 ## - INTERNATIONAL STANDARD BOOK NUMBER | |
| ISBN | 9781559634038 |
| 082 ## - DEWEY DECIMAL CLASSIFICATION NUMBER | |
| Classification number | 333.95 ALC |
| 100 ## - MAIN ENTRY--AUTHOR NAME | |
| Personal name | Alcamo, Joseph. |
| 245 ## - TITLE STATEMENT | |
| Title | Ecosystems and human well being : |
| Remainder of title | a framework for assessment |
| Statement of responsibility, etc | / by Joseph Alcamo and et. al. |
| 260 ## - PUBLICATION, DISTRIBUTION, ETC. (IMPRINT) | |
| Place of publication | Washington D.C. : |
| Name of publisher | Island Press, |
| Year of publication | 2003. |
| 300 ## - PHYSICAL DESCRIPTION | |
| Number of Pages | xiv, 245 p. |
| 650 ## - SUBJECT ADDED ENTRY--TOPICAL TERM | |
| Topical Term | Ecosystems--human; well--being; framework--assessment. |
| 942 ## - ADDED ENTRY ELEMENTS (KOHA) | |
| Koha item type | Books |
No items available.